Statystyki dla Co przeważnie jest zielone?

Kliknij tutaj aby rozwiązać quiz!

Ogólne statystyki

  • Ten quiz został rozwiązany 26 razy
  • Średni wynik to 3 z 6

Statystyki odpowiedzi

Odpowiedź% Poprawnych
Trawa
100%
liść
77%
ogórek
55%
żaba
27%
brokuł
18%
groszek
9%

Rozkład punktacji

Percentyl według liczby udzielonych odpowiedzi

Procent ludzi z każdym wynikiem

Twoja historia wyników

Nie rozwiązałeś tego quizu